书目信息 |
| 题名: |
一分钟的你自己
|
|
| 作者: | 约翰逊 著 ;王岩 译 | |
| 分册: | ||
| 出版信息: | 延吉 延边人民出版社 2002 |
|
| 页数: | 152页 | |
| 开本: | 20cm | |
| 丛书名: | 斯宾塞经典系列 | |
| 单 册: | ||
| 中图分类: | B848.4 , B821 | |
| 科图分类: | ||
| 主题词: | 成功心理 , 成功心理--通俗读物 , 人生观 | |
| 电子资源: | ||
| ISBN: | 7-80648-735-2 | |
| 000 | 01201oam2 2200337 450 | |
| 001 | 0933118234 | |
| 005 | 20090929091342.40 | |
| 010 | @a7-80648-735-2@dCNY16.80 | |
| 100 | @a20020419d2002 em y0chiy0110 ea | |
| 101 | 1 | @achi@ceng |
| 102 | @aCN@b220000 | |
| 105 | @aa z 000yy | |
| 106 | @ar | |
| 200 | 1 | @a一分钟的你自己@Ayi fen zhong de ni zi ji@e唤醒你的积极性思考积极性行动的钥匙@f(美)斯宾塞·约翰逊著@g王岩译 |
| 210 | @a延吉@c延边人民出版社@d2002 | |
| 215 | @a152页@c插图@d20cm | |
| 225 | 2 | @a斯宾塞经典系列 |
| 300 | @a斯宾塞·约翰逊经典作品集 | |
| 330 | @a在本书中作者主张,“我做得到”短短四个字就可以完全改变你的人生,扫除长年积郁在心头的疑惑和烦闷,带来成功和内心的平和,为你开拓全新的人生。 | |
| 461 | 0 | @12001 @a斯宾塞经典系列 |
| 510 | 1 | @aOne Minute Yourself@zeng |
| 517 | 1 | @a唤醒你的积极性思考积极性行动的钥匙@Ahuan xing ni de ji ji xing si kao ji ji xing xing dong de yue shi |
| 606 | 0 | @a成功心理 |
| 606 | 0 | @a成功心理@j通俗读物 |
| 606 | 0 | @a人生观 |
| 690 | @aB848.4@v4 | |
| 690 | @aB821@v4 | |
| 701 | 1 | @a约翰逊@Ayue han xun@b斯宾塞@4著 |
| 702 | 0 | @a王岩@Awang yan@4译 |
| 801 | 0 | @aCN@bNLC@c20020425 |
| 905 | @a10447@dB821@eJY67 | |
| 一分钟的你自己:唤醒你的积极性思考积极性行动的钥匙/(美)斯宾塞·约翰逊著/王岩译 .-延吉:延边人民出版社,2002 |
| 152页:插图;20cm .-(斯宾塞经典系列 ) |
| 斯宾塞·约翰逊经典作品集 |
| ISBN 7-80648-735-2:CNY16.80 |
| 在本书中作者主张,“我做得到”短短四个字就可以完全改变你的人生,扫除长年积郁在心头的疑惑和烦闷,带来成功和内心的平和,为你开拓全新的人生。 |
| ● |
| 相关链接 |
|
|
|
|
正题名:一分钟的你自己
索取号:B821/JY67
 
预约/预借
| 序号 | 登录号 | 条形码 | 馆藏地/架位号 | 状态 | 备注 |
| 1 | 7820174 | 278201740 | 学院路分馆/ [索取号:B821/JY67] | 在馆 | |
| 2 | 7820260 | 278202605 | 学院路分馆/ [索取号:B821/JY67] | 在馆 | |
| 3 | 7820261 | 278202614 | 学院路分馆/ [索取号:B821/JY67] | 在馆 |